| 000 | 00523cam a2200193ua 4500 | ||
|---|---|---|---|
| 001 | 4171 | ||
| 005 | 20260515113809.0 | ||
| 008 | 111219n ii |||gr||||Z||||||asm | ||
| 040 | _cMAIN | ||
| 082 | _a398.0541 | ||
| 100 | 1 | _aDas, Bhuban Mohan, | |
| 245 | 1 | 1 |
_aAxomiya samskrite : _bnrattvik bicar / _cby Bhuban Mohan Das |
| 250 | _a1st. | ||
| 260 |
_aDibrugarh: _bAssamese deptt. Dibrugarh University, _c2000. |
||
| 300 |
_a83p: _c23cm. |
||
| 653 | _aAssamese short stories | ||
| 653 | _aAxomiya samskrite | ||
| 942 | _cBK | ||
| 999 |
_c3989 _d3989 |
||